| 000 | 00560nam a2200169 u 4500 | ||
|---|---|---|---|
| 001 | 000036105 | ||
| 005 | 20200930074900.0 | ||
| 008 | 111213s2017 dr c r 000 0 spa d | ||
| 040 |
_aDO-SdBNP _bspa _cBNPHU |
||
| 082 |
_axxxx _bC574a |
||
| 245 | 0 | 0 |
_a50 años rompiendo silencios : _bprofamilia 1966-2016 / _cprólogo Eddy Pérez Then. |
| 246 | 1 | 0 | _aCincuenta años rompiendo silencios. |
| 260 |
_aSanto Domingo : _bProfamilia, _c2017. |
||
| 300 |
_a104 p. : _bretrs., ; _c23 cm. |
||
| 590 | _aInventariado, 2020/BT | ||
| 700 | 1 |
_aPérez Then, Eddy, _epról. _956028 |
|
| 999 |
_c35596 _d35596 |
||